Ravengate Estates Ltd v Horizon Housing Group Ltd and Persons Unknown (Record no. 79748)
[ view plain ]
| 000 -LEADER | |
|---|---|
| fixed length control field | 01688cad a22002055a 4500 |
| 001 - CONTROL NUMBER | |
| control field | L142219 |
| 008 - FIXED-LENGTH DATA ELEMENTS--GENERAL INFORMATION | |
| fixed length control field | 080130e20071219xxk f v 000 0 eng d |
| 035 ## - SYSTEM CONTROL NUMBER | |
| System control number | (Sirsi) u142219 |
| 041 0# - LANGUAGE CODE | |
| Language code of text/sound track or separate title | eng |
| 245 00 - TITLE STATEMENT | |
| Title | Ravengate Estates Ltd v Horizon Housing Group Ltd and Persons Unknown |
| Medium | [electronic resource] |
| 260 ## - PUBLICATION, DISTRIBUTION, ETC. | |
| Date of publication, distribution, etc. | 2007 |
| 520 ## - SUMMARY, ETC. | |
| Summary, etc. | [2007] EWCA Civ 1368, 19 December 2007. Damages for breach of a tenant's repairing covenant will be limited when the premises are ready for redevelopment. Company (R) owned several properties in need of repair and claimed dilapidations payment from its former tenant (H). R had served a schedule of dilapidations which R did not do. Initially, the court found for the tenant, making an award amounting to a sixth of the total schedule, as R intended to redevelop the property. R appealed, arguing that the redevelopment would not go ahead because of the high construction cost. Held: appeal dismissed; redevelopment costs were not prohibitive. The Court noted that R had not carried out repairs and had now started works. A purchaser would not have sought a reduction because any works would not be sensible in light of any redevelopment. The measure of damages was not the cost of repairs, but only those which might out last a redevelopment. |
| 590 ## - LOCAL NOTE (RLIN) | |
| Local note | KA |
| 650 24 - SUBJECT ADDED ENTRY--TOPICAL TERM | |
| Topical term or geographic name entry element | RAVENGATE ESTATES LTD V HORIZON HOUSING GROUP LTD AND PERSONS UNKNOWN |
| 650 24 - SUBJECT ADDED ENTRY--TOPICAL TERM | |
| Topical term or geographic name entry element | LANDLORD AND TENANT ACT 1927 |
| 651 #4 - SUBJECT ADDED ENTRY--GEOGRAPHIC NAME | |
| Geographic name | England and Wales |
| Chronological subdivision | 1543- |
| 690 ## - LOCAL SUBJECT ADDED ENTRY--TOPICAL TERM (OCLC, RLIN) | |
| Topical term or geographic name as entry element | PROPERTY-LEASEHOLD PROPERTY-LANDLORD AND TENANT-DILAPIDATIONS |
| 856 40 - ELECTRONIC LOCATION AND ACCESS | |
| Uniform Resource Identifier | <a href="https://www.bailii.org/ew/cases/EWCA/Civ/2007/1368.html">https://www.bailii.org/ew/cases/EWCA/Civ/2007/1368.html</a> |
| Public note | View this transcript free of charge at: www.bailii.org... |
| 942 ## - ADDED ENTRY ELEMENTS (KOHA) | |
| Suppress in OPAC | 0 |
| Withdrawn status | Lost status | Source of classification or shelving scheme | Damaged status | Not for loan | Home library | Current library | Shelving location | Date acquired | Total Checkouts | Full call number | Barcode | Date last seen | Copy number | Price effective from | Koha item type |
|---|---|---|---|---|---|---|---|---|---|---|---|---|---|---|---|
| Dewey Decimal Classification | Virtual | Virtual | Online | 30/01/2008 | ONLINE PUBLICATION | 142219-2001 | 06/08/2019 | 1 | 06/08/2019 | Law report |